営業運転開始が2005年の車両サドンデス - Statistics

General Stats
  • This quiz has been taken 114 times
  • The average score is 2 of 10
Answers on the Grid
Answers color-coded by a green-red scale on the quiz's grid according to % correct below.
三陸鉄道36-R形気動車
会津鉄道AT-500形気動車
関東鉄道キハ2400形気動車
東武50000型電車
小田急50000形電車
東急5050系電車
新京成電鉄N800形
都営10-300R形電車
東葉高速鉄道2000系電車
湘南モノレール5000系電車
名鉄2000系電車
名鉄3300系電車
あおなみ線1000形電車
のと鉄道NT200形気動車
近鉄7020系電車
南海2300系電車
広島電鉄5100形電車
JR四国5000系電車
福岡市地下鉄3000系電車
九州新幹線800系電車
 
Answer Stats
Answer % Correct
小田急50000形電車
47%
東武50000型電車
31%
名鉄2000系電車
28%
都営10-300R形電車
23%
新京成電鉄N800形
21%
福岡市地下鉄3000系電車
17%
三陸鉄道36-R形気動車
14%
南海2300系電車
11%
広島電鉄5100形電車
11%
のと鉄道NT200形気動車
2%
No matching quizzes found
Score Distribution
Percent of People with Each Score
Percentile by Number Answered
Your Score History
You have not taken this quiz